000
00270nam a2200109Ia 4500
008
230907s9999||||xx |||||||||||||| ||und||
082
_a
300.72
_b
PAS
100
_a
Passer, Michael W.,
_9
89882
245
0
_a
Research methods :
300
_a
xxvii, 546 pages :
942
_c
BK
999
_c
600712
_d
600712